Dictionary of applied energy conservation / (Record no. 61233)

000 -LEADER
fixed length control field 00888pam a2200253 a 4500
001 - CONTROL NUMBER
control field 915115
003 - CONTROL NUMBER IDENTIFIER
control field NUST-PNEC
005 - DATE AND TIME OF LATEST TRANSACTION
control field 20170116180717.0
008 - FIXED-LENGTH DATA ELEMENTS--GENERAL INFORMATION
fixed length control field 820309s1982 enka db 000 0 eng
010 ## - LIBRARY OF CONGRESS CONTROL NUMBER
LC control number 82003565
020 ## - INTERNATIONAL STANDARD BOOK NUMBER
International Standard Book Number 0893971316
040 ## - CATALOGING SOURCE
Original cataloging agency DLC
Transcribing agency DLC
Modifying agency DLC
050 00 - LIBRARY OF CONGRESS CALL NUMBER
Classification number TJ163.28
Item number .K87 1982
082 00 - DEWEY DECIMAL CLASSIFICATION NUMBER
Classification number 621.042 KUT
Edition number 19
100 1# - MAIN ENTRY--PERSONAL NAME
Personal name Kut, David.
245 10 - TITLE STATEMENT
Title Dictionary of applied energy conservation /
Statement of responsibility, etc. David Kut.
260 ## - PUBLICATION, DISTRIBUTION, ETC.
Place of publication, distribution, etc. London :
Name of publisher, distributor, etc. Kogan Page ;
Place of publication, distribution, etc. New York :
Name of publisher, distributor, etc. Nichols Pub. Co.,
Date of publication, distribution, etc. 1982.
300 ## - PHYSICAL DESCRIPTION
Extent 214 p. :
Other physical details ill. ;
Dimensions 24 cm.
500 ## - GENERAL NOTE
General note http://www.amazon.com/Dictionary-applied-energy-conservation-David/dp/0893971316/ref=sr_1_1?s=books&ie=UTF8&qid=1413954323&sr=1-1&keywords=0893971316
504 ## - BIBLIOGRAPHY, ETC. NOTE
Bibliography, etc. note Bibliography: p. [9]
650 #0 - SUBJECT ADDED ENTRY--TOPICAL TERM
Topical term or geographic name entry element Energy conservation
General subdivision Dictionaries.
-- ME
906 ## - LOCAL DATA ELEMENT F, LDF (RLIN)
a 7
b cbc
c orignew
d 1
e ocip
f 19
g y-gencatlg
942 ## - ADDED ENTRY ELEMENTS (KOHA)
Source of classification or shelving scheme
Koha item type Book
Holdings
Withdrawn status Lost status Source of classification or shelving scheme Damaged status Not for loan Permanent Location Current Location Shelving location Date acquired Source of acquisition Cost, normal purchase price Total Checkouts Full call number Barcode Date last seen Cost, replacement price Price effective from Koha item type
          Pakistan Navy Engineering College (PNEC) Pakistan Navy Engineering College (PNEC) Reference   Progressive International Agency 583.50   621.042 KUT PNECLIB-012225 10/22/2014 583.50   Book
© 2023 Central Library, National University of Sciences and Technology. All Rights Reserved.